Vaso jaibolero /

-д хадгалсан:
Номзүйн дэлгэрэнгүй
Үндсэн зохиолч: Cantú, Ana (autor)
Формат: Ном
Хэл сонгох:испани
Хэвлэсэн: Guadalajara, México : Al Gravitar Rotando, 2014, c2014
Цуврал:(La Ronda de los Solo)
Нөхцлүүд:
Шошгууд: Шошго нэмэх
Шошго байхгүй, Энэхүү баримтыг шошголох эхний хүн болох!

MARC

LEADER 00000nam^a2200000^a^4500
001 000410028
005 20250521000000.0
009 20260310122037.47
037 |a Acervo ITESO - Biblioteca 
041 |a ESP 
082 |a 868.  |b CAN 
100 |a Cantú, Ana  |e (autor) 
245 1 0 |a Vaso jaibolero /  |c A. Cantú. 
264 4 |a Guadalajara, México :  |b Al Gravitar Rotando,  |c 2014, c2014 
300 |a 36 p. 
336 |a texto  |b txt  |2 rdacontenido 
337 |a sin mediación  |b n  |2 rdamedio 
338 |a volumen  |b nc  |2 rdasoporte 
440 4 |a (La Ronda de los Solo) 
649 |a XX 
650 |a Poesía Jalisciense 
650 |a Poesía Mexicana 
650 |a Minificciones Jaliscienses 
650 |a Minificciones Mexicanas 
650 |a Aforismos Jaliscienses 
650 |a Aforismos Mexicanos 
650 |a Textos Breves Jaliscienses 
650 |a Textos Breves Mexicanos 
650 |a Literatura Jalisciense -  |y Siglo XXI 
650 |a Literatura Mexicana -  |y Siglo XXI 
650 |a Literatura de Mujeres -  |z Jalisco 
650 |a Literatura de Mujeres -  |z México 
910 |a Fondo General 
920 |a Impresos - Libros 
930 |a Colección General 
940 |a Literatura 
905 |a 101 
901 |a 0500318923  |b IT1  |c LIT  |i D103796  |u 20250521 
902 |a https://opac.biblio.iteso.mx/vufind/Record/000410028